| 000 | 01440cam a2200373 i 4500 | ||
|---|---|---|---|
| 999 |
_c523572 _d523572 |
||
| 001 | 1792413 | ||
| 003 | NUST | ||
| 005 | 20190427102105.0 | ||
| 008 | 781128m19791987inu s000 1 eng | ||
| 010 | _a 78020279 | ||
| 020 |
_a0253192668 (set) _z025329266X |
||
| 038 | _aazhar | ||
| 040 |
_aDLC _cDLC _dDLC |
||
| 041 | 1 |
_aeng _hchi |
|
| 050 | 0 | 0 |
_aPL2727.S2 _bS713 1979 |
| 082 | 0 | 0 |
_a895.1/34 _219 |
| 100 | 1 |
_aCao, Xueqin, _dapproximately 1717-1763. _914193 |
|
| 240 | 1 | 0 |
_aHong lou meng. _lEnglish |
| 245 | 1 | 4 |
_aThe story of the stone : _ba novel in five volumes / _cby Cao Xueqin ; translated by David Hawkes. |
| 250 | _aVOLUME 4 | ||
| 260 |
_aBloomington : _bIndiana University Press, _c[1979]-1987. |
||
| 300 |
_a5 v. ; _c24 cm. |
||
| 440 | 0 |
_aChinese literature in translation _914237 |
|
| 500 | _aTranslation of Hong lou meng. | ||
| 500 | _aVol. 5 has cover title in Chinese: Shih tʻou chi, and subtitle: a Chinese novel by Cao Xueqin in five volumes. | ||
| 500 | _aVol. 4-5: edited by Gao E; translated by John Minford. | ||
| 505 | 0 | _av. 1. The golden days.--v. 2. The Crab-Flower Club.--v. 3. The warning voice.--v. 4. The debt of tears.--v. 5. The dreamer wakes. | |
| 700 | 1 |
_aHawkes, David. _914194 |
|
| 700 | 1 |
_aGao, E, _dapproximately 1738-approximately 1815. _914195 |
|
| 700 | 1 |
_aMinford, John. _914196 |
|
| 740 | 0 | _aShi tou zhi. | |
| 906 |
_a7 _bcbc _corignew _d1 _eocip _f19 _gy-gencatlg |
||
| 942 |
_2ddc _cBK |
||